Haltestellen Quiz der S1 Rostock - Statistiken

Allgemein
  • Dieses Quiz wurde 49 mal gespielt
  • Das Durchschnittsergebnis liegt bei 9 aus 10
Antwortstatistiken
Anzahl an Haltestellen: Haltestellen: % Korrekt
10. Warnemünde
100%
1. Rostock Hauptbahnhof
94%
7. R. Lütten Klein
90%
9. R. Warnemünde Werft
90%
3. R. Holbeinplatz
87%
2. R. Parkstraße
87%
5. R. Marienehe
84%
4. R. Bramow
81%
6. R. Evershagen
81%
8. R. Lichtenhagen
77%
Keine übereinstimmenden Quizze gefunden
Verteilung der Resultate
Anzahl Personen mit jedem Resultat
Perzentil nach korrekt beantworteten Fragen
Ihre Resultats-Entwicklung
Sie haben dieses Quiz noch nicht gespielt